<?xml version="1.0" encoding="UTF-8"?><?xml-stylesheet type="text/xsl" href="static/style.xsl"?><OAI-PMH xmlns="http://www.openarchives.org/OAI/2.0/" xmlns:xsi="http://www.w3.org/2001/XMLSchema-instance" xsi:schemaLocation="http://www.openarchives.org/OAI/2.0/ http://www.openarchives.org/OAI/2.0/OAI-PMH.xsd"><responseDate>2026-04-17T04:21:28Z</responseDate><request verb="GetRecord" identifier="oai:www.recercat.cat:2072/400694" metadataPrefix="marc">https://recercat.cat/oai/request</request><GetRecord><record><header><identifier>oai:recercat.cat:2072/400694</identifier><datestamp>2026-04-14T00:49:01Z</datestamp><setSpec>com_2072_98</setSpec><setSpec>col_2072_378192</setSpec></header><metadata><record xmlns="http://www.loc.gov/MARC21/slim" xmlns:dcterms="http://purl.org/dc/terms/" xmlns:xsi="http://www.w3.org/2001/XMLSchema-instance" xmlns:doc="http://www.lyncode.com/xoai" xsi:schemaLocation="http://www.loc.gov/MARC21/slim http://www.loc.gov/standards/marcxml/schema/MARC21slim.xsd">
   <leader>00925njm 22002777a 4500</leader>
   <datafield ind2=" " ind1=" " tag="042">
      <subfield code="a">dc</subfield>
   </datafield>
   <datafield ind2=" " ind1=" " tag="720">
      <subfield code="a">Figuerola, Pere</subfield>
      <subfield code="e">author</subfield>
   </datafield>
   <datafield ind2=" " ind1=" " tag="720">
      <subfield code="a">Universitat Autònoma de Barcelona. Àrea de Comunicació i Promoció</subfield>
      <subfield code="e">author</subfield>
   </datafield>
   <datafield ind2=" " ind1=" " tag="260">
      <subfield code="c">2013</subfield>
   </datafield>
   <datafield ind2=" " ind1=" " tag="520">
      <subfield code="a">L'investigador Joan Madurell-Malapeira, de l'Institut Català de Paleontologia Miquel Crusafont, descriu en un article publicat en el número de setembre del Journal of Vertebrate Paleontology les restes d'una mandíbula de licaó de fa 830.000 anys trobada al jaciment de Vallparadís Estació (Terrassa). Es tracta de la darrera evidència d'aquesta espècie a Europa, que actualment només viu en determinades zones de l'Àfrica subsahariana. La troballa aporta noves dades sobre l'origen i l'evolució gradual d'aquest llinatge.</subfield>
   </datafield>
   <datafield ind2=" " ind1=" " tag="520">
      <subfield code="a">El investigador Joan Madurell-Malapeira, del Institut Català de Paleontologia Miquel Crusafont, describe en un artículo publicado en el número de septiembre del Journal of Vertebrate Paleontology los restos de una mandíbula de licaón de hace 830.000 años hallada en el yacimiento de Vallparadís Estación (Terrassa). Se trata de la última evidencia de esta especie en Europa, que actualmente sólo vive en determinadas zonas de África subsahariana. El hallazgo aporta nuevos datos sobre el origen y la evolución gradual de este linaje.</subfield>
   </datafield>
   <datafield ind2="0" ind1="0" tag="245">
      <subfield code="a">El darrer licaó europeu</subfield>
   </datafield>
</record></metadata></record></GetRecord></OAI-PMH>